Nations of the Sixth Coalition - Statistics

General Stats
  • This quiz has been taken 14 times
  • The average score is 20 of 25
Answer Stats
Years Involved Nation % Correct
1813-1814 Austria
92%
1812-1813 Bonapartist Spain
92%
1813-1814 Denmark-Norway
92%
1812-1814 France
92%
1812-1814 Portugal
92%
1812-1814 Prussia
92%
1812-1814 Russia
92%
1812-1814 Spain
92%
1812-1814 Sweden
92%
1812-1813 Bavaria
85%
1813-1814 Bavaria
85%
1814 Denmark
85%
1813-1814 Netherlands
85%
1812-1814 Warsaw
85%
1812-1813 Baden
77%
1813-1814 Baden
77%
1812-1813 Saxony
77%
1813-1814 Saxony
77%
1812-1814 United Kingdom
77%
1812-1814 Italy
69%
1812-1814 Naples
69%
1812-1814 Sardinia
62%
1812-1814 Hanover
54%
1812-1814 Sicily
38%
1812-1814 Mecklenberg
23%
No matching quizzes found
Score Distribution
Percent of People with Each Score
Percentile by Number Answered
Your Score History
You have not taken this quiz